[Event "Campalto CIS 54th Serie C12"]
[Site "Campalto"]
[Date "2023.05.21"]
[Round "5.2"]
[White "Viviani, Tommaso"]
[Black "Bettera, Roberto"]
[Result "1-0"]
[WhiteElo "1701"]
[BlackElo "1945"]
[PlyCount "99"]
[EventDate "2023.05.19"]
[EventType "team-tourn"]
[EventRounds "5"]
[EventCountry "ITA"]
[SourceTitle "EXT 2024"]
[Source "ChessBase"]
[SourceDate "2023.10.10"]
[SourceVersion "1"]
[SourceVersionDate "2023.10.10"]
[SourceQuality "1"]
[WhiteTeam "Mestre Capa Boys II"]
[BlackTeam "Venice Canal"]
[WhiteTeamCountry "ITA"]
[BlackTeamCountry "ITA"]

1. d4 Nf6 2. c4 g6 3. Nc3 Bg7 4. e4 d6 5. Nf3 0-0 6. Be2 e5 7. Be3 Ng4 8. Bg5 f6 9. Bc1 Nd7 10. 0-0 c6 11. h3 Nh6 12. Be3 Qe7 13. Qd2 Nf7 14. d5 f5 15. Bg5 Nxg5 16. Nxg5 Nf6 17. dxc6 bxc6 18. Qc2 h6 19. Nf3 f4 20. Rfd1 Be6 21. c5 Ne8 22. cxd6 Nxd6 23. Na4 Rac8 24. Nc5 Bf7 25. Ba6 Rc7 26. a4 g5 27. b4 h5 28. Nxg5 Qxg5 29. Rxd6 Re8 30. Bc4 f3 31. g3 Bf8 32. Bxf7+ Rxf7 33. Rxc6 h4 34. g4 Rf4 35. Kh2 Rf6 36. Rxf6 Qxf6 37. Qd2 Rd8 38. Qe3 Rd4 39. Rb1 Kh8 40. Rb3 Bxc5 41. bxc5 Rxa4 42. g5 Qf8 43. Qxf3 Qxf3 44. Rxf3 Rxe4 45. Rc3 Rf4 46. Kg2 Rf7 47. c6 Rc7 48. Kf3 Kg7 49. Kg4 Kg6 50. Kxh4 1-0

[Event "Mestre Cipressina op-A 5th"]
[Site "Mestre"]
[Date "2016.11.27"]
[Round "4"]
[White "Tomio, Dante"]
[Black "Viviani, Tommaso"]
[Result "1-0"]
[WhiteElo "1861"]
[BlackElo "1857"]
[PlyCount "84"]
[EventDate "2016.11.25"]
[EventType "swiss"]
[EventRounds "5"]
[EventCountry "ITA"]
[SourceTitle "EXT 2022"]
[Source "ChessBase"]
[SourceDate "2021.10.06"]
[SourceVersion "1"]
[SourceVersionDate "2021.10.06"]
[SourceQuality "1"]

1. d4 Nf6 2. Nf3 b6 3. e3 e6 4. Bd3 c5 5. b3 Nc6 6. Bb2 cxd4 7. exd4 Bb4+ 8. Nbd2 Nd5 9. a3 Bc3 10. Qc1 Qf6 11. Bxc3 Nxc3 12. Qb2 Nxd4 13. Nxd4 Qxd4 14. Ne4 Nb5 15. Nd6+ Ke7 16. Qxd4 Nxd4 17. Nxc8+ Raxc8 18. Kd2 Rc5 19. b4 Rc6 20. Ra2 Rhc8 21. Re1 d5 22. Re3 Kd6 23. f4 g6 24. g4 f6 25. Rh3 R8c7 26. Rh6 e5 27. fxe5+ fxe5 28. Ke3 Nxc2+ 29. Bxc2 Rxc2 30. Rxc2 Rxc2 31. Rxh7 Rc3+ 32. Kd2 Rxa3 33. Rh6 Ra2+ 34. Kd3 e4+ 35. Kd4 Rd2+ 36. Ke3 Rd3+ 37. Ke2 Ke5 38. Rxg6 Rh3 39. Rg5+ Kd4 40. Rh5 Rxh5 41. gxh5 Ke5 42. h4 Kf6 1-0

[Event "Mestre Cipressina op-A 5th"]
[Site "Mestre"]
[Date "2016.11.27"]
[Round "5"]
[White "Viviani, Tommaso"]
[Black "Mileto, Gabriele"]
[Result "0-1"]
[WhiteElo "1857"]
[BlackElo "2110"]
[PlyCount "58"]
[EventDate "2016.11.25"]
[EventType "swiss"]
[EventRounds "5"]
[EventCountry "ITA"]
[SourceTitle "EXT 2022"]
[Source "ChessBase"]
[SourceDate "2021.10.06"]
[SourceVersion "1"]
[SourceVersionDate "2021.10.06"]
[SourceQuality "1"]

1. e4 c5 2. Nf3 d6 3. d4 cxd4 4. Nxd4 Nf6 5. Nc3 a6 6. Bc4 e6 7. Bb3 Nc6 8. Be3 Ne5 9. 0-0 b5 10. f3 Qc7 11. Qd2 Nc4 12. Bxc4 Qxc4 13. Rad1 Be7 14. Kh1 0-0 15. Qf2 Bd7 16. Rd3 b4 17. b3 Qc7 18. Nb1 d5 19. Nd2 e5 20. Nf5 Bxf5 21. exf5 Qxc2 22. Qe2 h6 23. g4 d4 24. g5 dxe3 25. gxf6 Bxf6 26. Qxe3 Bg5 27. Qe4 Bxd2 28. Rf2 Qc1+ 29. Kg2 Bc3 0-1

[Event "Mestre Cipressina op-A 5th"]
[Site "Mestre"]
[Date "2016.11.26"]
[Round "2"]
[White "Viviani, Tommaso"]
[Black "Roberti, Ignazio"]
[Result "0-1"]
[WhiteElo "1857"]
[BlackElo "1847"]
[PlyCount "40"]
[EventDate "2016.11.25"]
[EventType "swiss"]
[EventRounds "5"]
[EventCountry "ITA"]
[SourceTitle "EXT 2022"]
[Source "ChessBase"]
[SourceDate "2021.10.06"]
[SourceVersion "1"]
[SourceVersionDate "2021.10.06"]
[SourceQuality "1"]

1. e4 c5 2. Nf3 Nc6 3. d3 g6 4. g3 Bg7 5. Bg2 d6 6. 0-0 Nf6 7. c3 Bd7 8. Re1 e5 9. a3 a5 10. a4 Qc8 11. Na3 Bg4 12. Nc4 Qc7 13. h3 Be6 14. Ng5 0-0 15. Nxe6 fxe6 16. Qb3 Nd7 17. h4 Rae8 18. Bh3 Nd8 19. Bg5 Nf7 20. Ne3 h6 0-1

[Event "Noale Szabados Memorial-B 5th"]
[Site "Noale"]
[Date "2012.02.05"]
[Round "4"]
[White "Viviani, Tommaso"]
[Black "Bergamasco, Tommaso"]
[Result "0-1"]
[WhiteElo "1440"]
[BlackElo "1689"]
[PlyCount "60"]
[EventDate "2012.02.03"]
[EventType "swiss"]
[EventRounds "5"]
[EventCountry "ITA"]
[SourceTitle "EXT 2022"]
[Source "ChessBase"]
[SourceDate "2021.10.06"]
[SourceVersion "1"]
[SourceVersionDate "2021.10.06"]
[SourceQuality "1"]

1. e4 e5 2. Nf3 Nc6 3. d4 exd4 4. Nxd4 Bc5 5. Nxc6 Qf6 6. Qe2 Qxc6 7. Nc3 Nf6 8. Bg5 h6 9. Bh4 0-0 10. 0-0-0 Bb4 11. Bxf6 Qxf6 12. Nd5 Qg5+ 13. f4 Qg6 14. Nxb4 Re8 15. Re1 Qd6 16. Nd3 g5 17. e5 Qd5 18. Rg1 Qxa2 19. Kd2 d6 20. Qf3 Qa5+ 21. c3 Qb6 22. Qf2 Qb3 23. exd6 Rd8 24. Kc1 Qa2 25. Qg3 Rxd6 26. Kc2 Bd7 27. Kd2 Qxb2+ 28. Ke3 Re8+ 29. Ne5 Rxe5+ 30. fxe5 Qd2+ 0-1

[Event "Noale Szabados Memorial-B 5th"]
[Site "Noale"]
[Date "2012.02.04"]
[Round "2"]
[White "Viviani, Tommaso"]
[Black "Dal Bianco, Nicola"]
[Result "0-1"]
[WhiteElo "1440"]
[BlackElo "1660"]
[PlyCount "94"]
[EventDate "2012.02.03"]
[EventType "swiss"]
[EventRounds "5"]
[EventCountry "ITA"]
[SourceTitle "EXT 2022"]
[Source "ChessBase"]
[SourceDate "2021.10.06"]
[SourceVersion "1"]
[SourceVersionDate "2021.10.06"]
[SourceQuality "1"]

1. e4 c5 2. Nf3 Nc6 3. Bb5 Qc7 4. 0-0 a6 5. Bxc6 Qxc6 6. Re1 d6 7. c4 g6 8. Nc3 Bg7 9. e5 e6 10. d4 cxd4 11. Qxd4 dxe5 12. Nxe5 Qc7 13. Bf4 Qe7 14. Qd2 Nf6 15. Rad1 0-0 16. Bg5 Qc7 17. Bxf6 Bxf6 18. Qf4 Bg7 19. b3 b5 20. Qe3 bxc4 21. Nxc4 Bb7 22. Rd2 Rac8 23. Red1 Rfd8 24. Ne4 Rxd2 25. Rxd2 Rd8 26. Rxd8+ Qxd8 27. Kf1 Qd1+ 28. Qe1 Qxe1+ 29. Kxe1 Bxe4 30. f3 Bb1 31. a3 Bc2 32. b4 Bd3 33. Nb6 Bc3+ 34. Kd1 f5 35. Na4 Bd4 36. Kd2 Bb5 37. Nc5 Kf7 38. a4 Bxc5 39. bxc5 Bxa4 40. Kc3 a5 41. Kd4 Kf6 42. f4 Bc6 43. g3 h6 44. h3 g5 45. h4 gxh4 46. gxh4 h5 47. Kc4 e5 0-1

[Event "Noale Szabados Memorial-B 5th"]
[Site "Noale"]
[Date "2012.02.03"]
[Round "1"]
[White "Zangrando, Gianpietro"]
[Black "Viviani, Tommaso"]
[Result "1-0"]
[WhiteElo "1796"]
[BlackElo "1440"]
[PlyCount "104"]
[EventDate "2012.02.03"]
[EventType "swiss"]
[EventRounds "5"]
[EventCountry "ITA"]
[SourceTitle "EXT 2022"]
[Source "ChessBase"]
[SourceDate "2021.10.06"]
[SourceVersion "1"]
[SourceVersionDate "2021.10.06"]
[SourceQuality "1"]

1. c4 Nf6 2. Nc3 g6 3. g3 Bg7 4. Bg2 0-0 5. e4 d6 6. Nge2 e5 7. 0-0 c6 8. b4 Na6 9. Rb1 Nc7 10. d3 d5 11. cxd5 cxd5 12. Bg5 Be6 13. Qa4 d4 14. Nd1 Qd6 15. f4 Bg4 16. fxe5 Qxe5 17. Bf4 Qb5 18. Qc2 Ne6 19. Nf2 Rac8 20. Qd2 Bxe2 21. Qxe2 Rc3 22. Bd2 Rc2 23. Rfc1 Rxa2 24. Bh3 Bh6 25. Rd1 Ng5 26. Bg2 Re8 27. Qf1 Nf3+ 28. Bxf3 Bxd2 29. Qe2 Qg5 30. Rdc1 Qe3 31. Rc7 Qxe2 32. Bxe2 Be3 33. Kf1 Bxf2 34. Kxf2 b6 35. Rc4 Nxe4+ 36. dxe4 Rxe4 37. Re1 b5 38. Rc8+ Kg7 39. Kf1 Ra3 40. Rd1 Rae3 41. Bxb5 g5 42. Rc7 g4 43. Rd7 Rf3+ 44. Kg2 h5 45. R7xd4 Ree3 46. Rf1 f5 47. Rf4 Rxf4 48. Rxf4 Re4 49. Rxe4 fxe4 50. Kf2 Kf6 51. Ke3 Ke5 52. Be8 Kd5 1-0